Economics and freedom of expression (Record no. 40971)

MARC details
000 -LEADER
fixed length control field 00533nam a2200145 a 4500
008 - FIXED-LENGTH DATA ELEMENTS--GENERAL INFORMATION
fixed length control field 120416s1975 ||||||||||||||||| || u
050 ## - LIBRARY OF CONGRESS CALL NUMBER
Classification number P 96 Owe
100 ## - MAIN ENTRY--PERSONAL NAME
Personal name Owen, Bruce M
245 10 - TITLE STATEMENT
Title Economics and freedom of expression
246 ## - VARYING FORM OF TITLE
Title proper/short title media structure and the first amendment
260 ## - PUBLICATION, DISTRIBUTION, ETC.
Place of publication, distribution, etc. Cambridge, Mass
Name of publisher, distributor, etc. Ballinger
Date of publication, distribution, etc. 1975
300 ## - PHYSICAL DESCRIPTION
Extent xxi, 202p. : ill.
350 ## - PRICE (NR) (BK AM CF MU VM SE) [OBSOLETE]
Price 0.00
995 ## - RECOMMENDATION 995 [LOCAL, UNIMARC FRANCE]
-- 0.00
-- CBU-MAIN LIBRARY (Kitwe)
-- 1
-- 0.00
-- 1
-- AVAILABLE
-- Annex Low-Usage Collection
Holdings
Withdrawn status Lost status Source of classification or shelving scheme Damaged status Not for loan Home library Current library Shelving location Date acquired Total Checkouts Full call number Barcode Date last seen Price effective from Koha item type
          CBU-MAIN LIBRARY, KITWE. CBU-MAIN LIBRARY, KITWE.   11/30/2022   P 96 Owe 010437 11/30/2022 11/30/2022 MONOGRAPH